000 00596nam a22002417a 4500
003 UA-OsUOA
001 30125
007 ta
008 20041105b un ||||| |||| 00| 0 ukr d
090 _a913(520)
_bЯ70
942 _cBK
040 _aUA-OsUOA
_brus
_cUA-OsUOA
_dUA-OsUOA
245 _aЯпония 1988
_bЕжегодник
_cРед. И.И.Коваленко
300 _a314 с.
_bІлюстрації
955 _a0
041 _arus
080 _a913(520)
020 _a0235-8182
260 _aМосква
_bНаука
_c1989
044 _aRU
650 7 _2UDC
999 _c316532
_d316532